| 000 | 01337nam a2200301 a 4500 | ||
|---|---|---|---|
| 001 | 000022999 | ||
| 005 | 20200930021925.0 | ||
| 008 | 101124s1996 mx a 001 0 spa d | ||
| 020 | _a9688806935 | ||
| 040 |
_aDO-SdBNP _bspa _cBNPHU |
||
| 082 |
_a658.4038 _bL372a, 1996 |
||
| 100 | 1 |
_aLaudon, Kenneth C., _d1944- _947312 |
|
| 240 | 1 | 0 |
_aManagement information systems organization and Technology. _lEspañol |
| 245 | 1 | 0 |
_aAdministración de los sistemas de información : _borganización y tecnología / _cKenneth C. Laudon, Jane Prince Laudon ; traducción de Jorge Rodríguez Rodríguez ; revisión técnica de Jorge Rivera Albarrán. |
| 250 | _a3a ed. | ||
| 260 |
_aMéxico : _bPrentice Hall Hispanoamericana, _c1996. |
||
| 300 |
_axxxviii, 885 p. : _bil. ; _c27 cm. |
||
| 534 |
_pTítulo del inglés de la obra: _tManagement information systems organization and Technology. |
||
| 500 | _aIncluye glosario | ||
| 504 | _aIncluye bibliografías e índice temático. | ||
| 650 | 4 |
_aAdministración de sistemas de información _947313 |
|
| 650 | 4 |
_aSistemas de almacenamiento y recuperación de información _xInvestigaciones _xManuales _947314 |
|
| 700 | 1 |
_aLaudon, Jane Prince _947315 |
|
| 700 | 1 |
_aRodríguez Rodríguez, Jorge, _etr. _947316 |
|
| 700 | 1 |
_aRivera Albarrán, Jorge, _erev. _947317 |
|
| 910 | _aWM | ||
| 049 | _aBNGR | ||
| 999 |
_c22496 _d22496 |
||